000 00572cam a2200229ua 4500
001 9346
008 191012n ii |||gr||||Z||||||eng
020 _a9780195671971
020 _a019567197X
040 _cMAIN
041 _aeng
082 _a821.54
245 _aModern Indian poetry in English
_cby Bruce King
250 _a12th imp.
260 _aNew Delhi:
_bOxford University Press,
_c2014.
300 _a416p.
653 _aEnglish poetry
653 _aIndian poetry
653 _aIndian poetry in English
700 _aKing, Bruce,
_eAuthor.
942 _cBK
999 _c8406
_d8406